Εισαγωγή στη μουσειολογία και στην προληπτική συντήρηση = Introduction to museology and preventive conservation

Αποθηκεύτηκε σε:
Λεπτομέρειες βιβλιογραφικής εγγραφής
Κύριος συγγραφέας: Ορφανίδη, Λάια
Άλλοι συγγραφείς: Λυριτζής, Ιωάννης
Μορφή: Βιβλίο
Γλώσσα:Greek
Δημοσίευση: Ρόδος : Πανεπιστήμιο Αιγαίου, Τμήμα Μεσογειακών Σπουδών, 2003.
Θέματα:
Ετικέτες: Προσθήκη ετικέτας
Δεν υπάρχουν, Καταχωρήστε ετικέτα πρώτοι!

MARC

LEADER 00000cam a2200000 i 4500
001 1/36355
008 030605s2003 gr | ||| |||| ||gre||
020 |a 9609175600 
035 |l 10070047 
040 |a GR-MY-UA  |b gre  |e aacr 
041 0 |a gre 
082 7 |a 069   |2 (22) 
100 1 |a Ορφανίδη, Λάια. 
245 1 0 |a Εισαγωγή στη μουσειολογία και στην προληπτική συντήρηση =   |b Introduction to museology and preventive conservation /   |c Λάϊα Ορφανίδη, Ιωάννης Λυριτζής.  
246 2 1 |a Introduction to museology and preventive conservation  
260 |a Ρόδος :   |b Πανεπιστήμιο Αιγαίου, Τμήμα Μεσογειακών Σπουδών,   |c 2003.  
300 |a 278 σ. :   |b εικ. ;   |c 23 εκ.  
504 |a Βιβλιογραφία : σ. 271-276. Ευρετήριο.  
650 0 0 |a Museum techniques. 
650 0 0 |a Museums. 
700 1 |a Λυριτζής, Ιωάννης. 
852 |a INST  |b RHODES  |e 20040616  |h 069 ΟΡΦ  |p 005400018782  |q 005400018782  |t BK  |y 0 
852 |a INST  |b RHODES  |e 20031126  |h 069 ΟΡΦ  |p 005400019911  |q 005400019911  |t BK  |y 0 
852 |a INST  |b RHODES  |e 20030605  |h 069 ΟΡΦ  |p 005400020278  |q 005400020278  |t BK  |y 0 
901 |a BIBL4-2003-2 
901 |a BIBL1-2011-3 
970 |a ΚΟΥΛΑΚΙΟΤΗ  |b ΛΙΤΣΑ  |z 2003/06/05